000
00309nam a2200121Ia 4500
008
190722s9999 xx 000 0 und d
020
_a
13.978-1-25-909837-6
100
_a
Jess Feist Gregory J.Feist
245
0
_a
Theories of Personality
260
_a
India
_b
MC Graw Hill
_c
2013
300
_a
573
942
_c
BK
999
_c
845
_d
845